U.S. States By Date Of Admission To The Union - Statistics

General Stats
  • This quiz has been taken 22 times
  • The average score is 29 of 50
Answer Stats
Year Admitted State % Correct
1787 Delaware
86%
1788 Connecticut
71%
1788 Georgia
71%
1787 New Jersey
71%
1787 Pennsylvania
71%
1959 Alaska
64%
1816 Indiana
64%
1792 Kentucky
64%
1812 Louisiana
64%
1788 Maryland
64%
1788 Massachusetts
64%
1788 New Hampshire
64%
1788 New York
64%
1789 North Carolina
64%
1803 Ohio
64%
1788 South Carolina
64%
1796 Tennessee
64%
1791 Vermont
64%
1788 Virginia
64%
1819 Alabama
57%
1912 Arizona
57%
1959 Hawaii
57%
1820 Maine
57%
1837 Michigan
57%
1858 Minnesota
57%
1867 Nebraska
57%
1912 New Mexico
57%
1907 Oklahoma
57%
1790 Rhode Island
57%
1845 Texas
57%
1863 West Virginia
57%
1836 Arkansas
50%
1850 California
50%
1876 Colorado
50%
1845 Florida
50%
1818 Illinois
50%
1846 Iowa
50%
1861 Kansas
50%
1817 Mississippi
50%
1864 Nevada
50%
1889 North Dakota
50%
1859 Oregon
50%
1889 South Dakota
50%
1896 Utah
50%
1889 Washington
50%
1848 Wisconsin
50%
1890 Wyoming
50%
1890 Idaho
43%
1821 Missouri
43%
1889 Montana
43%
No matching quizzes found
Score Distribution
Percent of People with Each Score
Percentile by Number Answered
Your Score History
You have not taken this quiz